| 000 | 00672nam a2200241Ia 4500 | ||
|---|---|---|---|
| 008 | 220204s9999 xx 000 0 und d | ||
| 082 |
_aNR:631.11987 _bRRM |
||
| 245 | 0 | _aRRIM training manual for plantation supervisors | |
| 260 |
_aMalaysia _bRRIM _c1987 |
||
| 650 | _aBranch induction | ||
| 650 | _aBrown bast | ||
| 650 | _aCover legumes | ||
| 650 | _aCrown budding | ||
| 650 | _aExploitation technique | ||
| 650 | _aLatex preservation | ||
| 650 | _aPruning | ||
| 650 | _aRRIM Planting recommendations 1986-88 | ||
| 650 | _aRubber diseases | ||
| 650 | _aSoil management | ||
| 650 | _aTapping notation | ||
| 700 | _aAbu Bakar Bin Haji Ahmad | ||
| 942 | _cBK | ||
| 999 |
_c40407 _d40407 |
||